Stades de Premier League (2022-2023) - Statistiques

Statistiques générales
  • Ce quiz a été pris 628 fois
  • Le résultat moyen est 10 sur 20
Statistiques - réponses
Équipe Stade Ville Capacité % Correct
Manchester United Old Trafford Manchester 75 635
96%
Liverpool FC Anfield Liverpool 54 074
91%
Arsenal FC Emirates Stadium Londres 60 704
91%
Chelsea FC Stamford Bridge Londres 41 798
85%
Manchester City Etihad Stadium Manchester 55 097
80%
Tottenham Hotspurs Tottenham Hotspur Stadium Londres 62 062
77%
Newcastle United St James' Park Newcastle 52 405
66%
Aston Villa Villa Park Birmingham 42 788
56%
Everton FC Goodison Park Liverpool 39 571
52%
Leicester City King Power Stadium Leicester 36 262
39%
Fulham FC Craven Cottage Londres 25 700
35%
West Ham United Stade Olympique Londres 60 000
34%
Wolverhampton Wanderers Molineux Stadium Wolverhampton 31 700
32%
Southampton FC St Mary's Stadium Southampton 32 505
23%
Brighton & Hove Albion AMEX Stadium Brighton 30 750
22%
Crystal Palace Selhurst Park Londres 26 255
22%
AFC Bournemouth Dean Court Bournemouth 11 646
17%
Leeds United Elland Road Leeds 39 460
17%
Nottingham Forest City Ground Nottingham 30 602
10%
Brentford FC Brentford Community Stadium Londres 17 250
5%
Aucun quiz correspondant
Distribution des résultats
% des personnes avec chaque résultat
Percentile par nombre de réponses
Votre historique - résultats
Vous n’avez pas pris ce quiz